| 000 | 00720nam a2200205 a 4500 | ||
|---|---|---|---|
| 005 | 20210223122101.0 | ||
| 008 | 991125n198 mx 000 0 spa u | ||
| 035 | _aUPN01000029130 | ||
| 049 | _aAV | ||
| 099 | _aPVI C 0621 | ||
| 245 | 1 | 0 | _aIgnacio Bernal. |
| 260 |
_aMéxico : _bCNCA : _bSEP, Televisión Educativa, _c[198-]. |
||
| 300 | _a1 videocasete (VHS) (28 min.) | ||
| 440 | 4 |
_aLos nuestros ; _v4 |
|
| 501 | _aCon: Ana Mérida -- Eduardo Mata | ||
| 520 | _aIgnacio Bernal, destacado arqueólogo mexicano que ha sido punta de lanza del estudio de las raíces de nuestra cultura | ||
| 520 | _aRealización: Benjamín Estavillo | ||
| 600 | 1 | 4 |
_aBERNAL GARCIA, IGNACIO, _d1910-1992 _93869 |
| 905 | _aAudiovisuales | ||
| 999 |
_c29130 _d29130 |
||